000 00777cam a2200253 a 4500
001 000010549
005 20200929162240.0
008 771220s1977 sp 000 p spa
020 _a8472321347
035 _a(DLC) 77553314
040 _aDO-SdBNP
_bspa
_cDLC
_dDLC
_dBNPHU
082 _a861.64
_bT649t
100 1 _aToledano, Francisco,
_d1932-
_925586
245 1 0 _aTrilogía interrogante /
_cFrancisco Toledano.
260 _aMadrid :
_bCultura Hispánica,
_c1977.
300 _a103 p. ;
_c21 cm.
490 1 _aPoética Leopoldo Panero
_v30
650 4 _aPoesía española
_9631
650 4 _aLiteratura española
_9632
650 4 _aPoesía amorosa
_99227
830 0 _aPoética Leopoldo Panero ;
_v30
_914647
910 _aCatalogación por copia / LC
049 _aBNGR
999 _c10307
_d10307